| 000 | 01599cam a22003494a 4500 | ||
|---|---|---|---|
| 999 |
_c529441 _d529441 |
||
| 001 | 12978181 | ||
| 003 | NUST | ||
| 005 | 20190926110756.0 | ||
| 008 | 021023s2003 mau 001 0 eng | ||
| 010 | _a 2002152616 | ||
| 020 | _a1591391806 (alk. paper) | ||
| 038 | _aA | ||
| 040 |
_aDLC _cDLC _dDLC |
||
| 042 | _apcc | ||
| 050 | 0 | 0 |
_aHD30.28 _b.H386 2003 |
| 082 | 0 | 0 |
_a658.4092 _221 |
| 245 | 0 | 0 | _aHarvard business review on leading in turbulent times. |
| 246 | 3 | 0 | _aLeading in turbulent times |
| 260 |
_aBoston : _bHarvard Business School Pub., _cc2003. |
||
| 300 |
_avii, 196 p. : _bill. ; _c21 cm. |
||
| 440 | 4 |
_aThe Harvard business review paperback series _921509 |
|
| 500 | _aIncludes index. | ||
| 505 | 0 | _aMoving upward in a downturn / Darrell Rigby -- The growth crisis--and how to escape it / Adrian J. Slywotzky and Richard Wise -- After the layoffs, what next? / Suzy Wetlaufer -- How resilience works / Diane L. Coutu -- The trouble I've seen / David N. James -- Cutting costs without drawing blood / Tom Copeland -- We don't need another hero / Joseph L. Badaracco, jr. -- Patching : restitching business portfolios in dynamic markets / Kathleen M. Eisenhardt and Shona L. Brown. | |
| 650 | 0 |
_aBusiness planning. _97080 |
|
| 650 | 0 |
_aOrganizational change. _94326 |
|
| 650 | 0 |
_aCrisis management. _921510 |
|
| 650 | 0 |
_aLeadership. _9300 |
|
| 730 | 0 |
_aHarvard business review. _921511 |
|
| 906 |
_a7 _bcbc _corignew _d1 _eecip _f20 _gy-gencatlg |
||
| 942 |
_2ddc _cBK |
||